[Event "10th LCC FIDE Open 2018"]
[Site "London"]
[Date "2018.12.13"]
[Round "5"]
[White "Britton, Richard L"]
[Black "Bogner, Sebastian"]
[Result "1/2-1/2"]
[WhiteElo "2186"]
[BlackElo "2610"]
[Annotator "TA"]
[PlyCount "212"]
[EventDate "2018.12.09"]
[EventType "swiss"]
[EventCountry "ENG"]
[SourceTitle "playchess.com"]
[Source "ChessBase"]
[SourceQuality "1"]

{[%evp 28,212,0,0,33,31,31,33,25,22,16,12,22,20,42,14,31,30,27,15,19,18,52,29,25,0,7,10,20,-6,-10,-26,-17,-8,-17,-21,-20,-50,0,0,0,-27,-8,-18,-14,-10,-8,-8,-11,-33,0,-6,0,0,0,0,0,0,42,0,10,-18,-18,-38,-27,-457,-462,-455,-447,-428,-50,-397,0,0,0,-8,-8,-8,-8,-8,-8,-8,0,-8,-8,-47,-47,-47,-47,-47,-47,-47,-47,-47,-47,-47,-8,-47,-47,-47,-47,-47,-8,-47,-47,-47,-47,-47,-47,-47,-47,-47,-47,-47,-47,-47,-8,-47,-8,-8,-8,-8,0,0,0,-47,-47,-47,-8,-47,-8,-33,-8,-8,-8,-8,-8,-47,-8,0,0,0,0,0,0,0,0,0,0,0,0,-8,0,0,0,0,0,0,0,0,0,0,0,0,0,0,0,0,0,0,0,0,0,0,0,0,0,0,0,0,0,0,0,0,0,0,0]} 1. e4 c5 2. Nf3 d6 3. d4 cxd4 4. Nxd4 Nf6 5. Nc3 a6 6. f4 Qc7 7. Nf3 Nbd7 8. a4 g6 9. Bd3 Bg7 10. O-O O-O 11. Qe1 e6 12. Kh1 {B93: Sicilian Najdorf: 6 f4} b6 13. Qh4 Bb7 14. f5 Rae8 15. Bh6 {LiveBook: 4 Games} (15. Bg5 Qc5 16. Rab1 gxf5 17. exf5 e5 18. Rbe1 Kh8 {1-0 (41) Anand,V (2720)-Polgar,J (2630) Buenos Aires 1994}) 15... exf5 16. exf5 Bxh6 $146 ({Predecessor:} 16... Qc6 17. Rf2 Bxh6 18. Qxh6 Ng4 19. Qh4 Nxf2+ 20. Qxf2 Qc5 21. Qh4 Bxf3 22. gxf3 Qe3 23. Rf1 Kg7 24. Nd5 Qe5 25. f6+ Nxf6 {0-1 (25) Buchenthal,D (2258)-Zimmermann,J (2335) playchess.com INT 2005}) 17. Qxh6 Ne5 18. Nxe5 dxe5 19. Rae1 e4 20. Be2 Qe5 21. Qe3 Rb8 22. Rd1 Kg7 23. Kg1 Rfc8 24. Rf2 Rc6 25. fxg6 hxg6 26. Rdf1 Rd6 27. g4 {Hoping for g5.} Rf8 $1 28. g5 Nd7 29. Bc4 {[%cal Rf2f7]} f5 {aiming for ...Rc8.} 30. gxf6+ $1 ({But not} 30. Qh3 $2 Rh8 $19) 30... Rfxf6 31. Rxf6 Nxf6 32. h3 Qd4 (32... Bc8 {keeps more tension.} 33. Be2 Rd8 34. Rf2 Rh8 35. Bf1 Rh4) 33. Qxd4 Rxd4 34. Bb3 Bc8 35. h4 e3 {White must now prevent ...Bb7.} 36. Rf3 Ng4 {And now ...Bf5 would win.} 37. Rf7+ Kh6 {next ...Ne5 is good for Black.} 38. Re7 Bf5 39. Kg2 g5 40. hxg5+ Kxg5 41. Kf3 Rf4+ 42. Kg3 Rf1 43. Nd5 (43. Bc4 $5 {[%cal Rc4f1]} Rg1+ 44. Kf3 $14) 43... Re1 44. Kf3 {[%cal Rd5e3]} Nh2+ 45. Kg3 Re2 46. Rg7+ $2 {[%mdl 8192]} (46. Rxe3 $11 {and White is okay.} Nf1+ {[%mdl 64] Double Attack} 47. Kf3 Bg4+ 48. Ke4 Bf5+ 49. Kd4 Nxe3 50. Nxe3) 46... Kh6 $19 47. Re7 Nf1+ 48. Kf4 Rf2+ 49. Ke5 {[#]} Bxc2 $2 (49... e2 $1 $19 {[%cal Re2e1]} 50. Kd6 Nd2) 50. Bxc2 $11 Rxc2 $19 {[%mdl 4096] Endgame KRN-KRN} 51. Kd4 Rd2+ 52. Kc4 b5+ 53. axb5 axb5+ 54. Kc5 e2 {...Ng3 is the strong threat.} 55. Nc3 Ng3 {[#]} 56. Nxe2 $1 {[%mdl 512]} Nxe2 (56... Rxe2 57. Rxe2) 57. Kxb5 Rxb2+ $11 {KRN-KR} 58. Kc5 Kg5 59. Re8 Nf4 60. Kc4 Kf5 61. Kc3 Rb7 62. Re1 Rc7+ 63. Kd4 Rd7+ 64. Kc4 Nd3 65. Re2 (65. Re8 {is interesting.} Ne5+ 66. Kc3 Rd3+ 67. Kb2 Kf6 68. Rh8) 65... Ne5+ 66. Kc5 Ke6 67. Kb4 Rd1 68. Kc3 Rd3+ 69. Kc2 Rh3 70. Rd2 Nc6 71. Rg2 Kd5 72. Kb2 Nd4 73. Rg8 Rb3+ 74. Ka2 Kc4 75. Rc8+ Kd3 76. Rc7 Rb8 77. Rd7 Rb6 78. Rh7 Ne2 79. Rh3+ (79. Rh8 {feels hotter.} Kd4 80. Rd8+ Kc5 81. Rc8+ Kd6 82. Ka3) 79... Kc4 (79... Kc2 {with more complications.}) 80. Rh4+ Nd4 81. Rh3 Rg6 82. Kb2 Rg1 83. Rc3+ {The position is equal.} Kb4 84. Rh3 Rf1 85. Rg3 Rf2+ (85... Ne2 $5 {[%cal Re2g3]} 86. Rb3+ Kc4 $15) 86. Kb1 Nf3 {( -> ...Kb3)} 87. Rg8 Ne5 88. Kc1 Kc3 {[%cal Rf2f1]} 89. Kd1 Nf3 90. Rc8+ Kd3 {[%cal Rf2f1]} 91. Rd8+ Nd4 {[%cal Rf2f1]} 92. Kc1 Rf7 (92... Ke4 {is interesting.} 93. Kb1 Kd3 94. Rd7 Kc3 95. Rh7 Rb2+) 93. Kb2 Rc7 94. Rd6 Rb7+ 95. Kc1 $1 Rc7+ 96. Kb2 Rc2+ 97. Kb1 Rh2 98. Rd8 Rg2 99. Rd7 Rg8 100. Kb2 Rc8 101. Kb1 Kc3 102. Rh7 $1 Kd2 103. Rh2+ Ne2 104. Kb2 Rb8+ 105. Ka3 Kc3 {[%cal Rb8a8]} 106. Rh3+ Kc4 {Accuracy: White = 59%, Black = 56%.} 1/2-1/2

[Event "10th LCC FIDE Open 2018"]
[Site "London"]
[Date "2018.12.13"]
[Round "5"]
[White "Sumit, Kumar"]
[Black "Hawkins, Jonathan"]
[Result "0-1"]
[WhiteElo "2179"]
[BlackElo "2583"]
[Annotator "TA"]
[PlyCount "104"]
[EventDate "2018.12.09"]
[EventType "swiss"]
[EventCountry "ENG"]
[SourceTitle "playchess.com"]
[Source "ChessBase"]
[SourceQuality "1"]

{[%evp 16,104,4,0,0,7,0,0,-7,0,0,0,-7,-15,27,20,26,17,19,13,28,24,13,17,20,0,16,0,0,-52,-55,-51,0,-49,-54,-45,-43,-56,-62,-67,-35,-37,-44,-48,-39,-85,-51,-33,-39,-91,-85,-116,-122,-113,-115,-120,-79,-65,-48,-178,-179,-191,-183,-180,-160,-404,-400,-534,-561,-527,-501,-503,-472,-559,-345,-515,-415,-456,-441,-374,-366,-531,-491,-578,-556,-29982,-29983,-29989,-29986,-29986,-29987]} 1. e4 c6 2. d4 d5 3. e5 c5 4. Nf3 Nc6 5. Bb5 Bg4 6. dxc5 Qa5+ 7. Nc3 {[%cal Bb1c3,Bc3a4,Ba4b2,Bb2d3][%mdl 32] B12: Caro-Kann: Advance Variation} e6 8. Bd2 Qc7 9. b4 {LiveBook: 6 Games. The position is equal.} a5 10. O-O {Threatening a3.} (10. a3 Bxf3 11. gxf3 Qxe5+ 12. Qe2 Qxe2+ 13. Kxe2 Nge7 14. Na4 O-O-O 15. Bxc6 Nxc6 {½-½ (28) Pijpers,A (2453)-Nabaty,T (2690) Batumi 2018}) 10... axb4 11. Na4 Ra5 12. Qe2 Bxf3 $1 13. gxf3 Ra7 14. Bxb4 Nh6 15. c4 {[#] And now cxd5 would win.} d4 16. Nb2 $146 ({Predecessor:} 16. Nb6 Nf5 17. Nd5 Qd7 18. Qe4 Be7 19. a4 O-O 20. Rfd1 Rd8 21. Bxc6 {½-½ (21) Rudenko,V (2241)-Fernandez,J (2172) LSS email 2012}) 16... Be7 17. Qe4 O-O 18. Bxc6 $1 Qxc6 19. Qxc6 bxc6 20. Nd3 Nf5 21. Rfd1 Nh4 22. Ne1 (22. f4 $11) 22... Rb8 $15 {[%mdl 1024] Black has compensation.} 23. a3 Bg5 ({Black should try} 23... g5 $15) 24. Rab1 (24. Bd2 $5 {[%cal Rd2g5]} Be7 25. f4 $15) 24... Rd8 25. Rb3 f6 26. exf6 gxf6 27. Ng2 Nxg2 (27... Ng6 {is more complex.} 28. h4 Bh6 29. Kf1 Raa8 30. Rbd3 e5) 28. Kxg2 e5 29. Kf1 Bf4 30. h3 Kf7 31. Ke2 Rg8 32. Bd2 (32. Rbb1 $15) 32... Bxd2 $17 33. Kxd2 {[%mdl 4096] Endgame KRR-KRR} Ke6 34. f4 Ra5 (34... exf4 $6 35. Rb6 $11) 35. Kd3 Rg2 36. fxe5 fxe5 {[%cal Bf6e5,Be5e4][%mdl 32]} 37. Rd2 (37. Rb8 $1 $15) 37... Kf5 $19 ({Don't do} 37... Rxc5 38. Rb7 $17) 38. Ra2 Rh2 ({Don't play} 38... Rxc5 39. Rb7 $15) 39. Ke2 e4 ({But not} 39... Rxc5 40. a4 $17) 40. Rg3 $2 (40. Rb8 $17 {was called for.}) 40... Ra4 41. Kf1 {[#] Black must now prevent Kg1.} Rh1+ 42. Kg2 Rc1 43. Rg7 d3 44. Rd7 Rcxc4 45. Kg3 (45. Ra1 $142) 45... Rc2 46. Ra1 Rc3 47. Kg2 Raxa3 48. Rd1 (48. Re1 $142 Rxc5 49. Rxh7) 48... Rc2 49. Kg1 h5 50. f3 e3 {Black mates.} 51. R1xd3 Rxd3 52. Rxd3 Rc1+ {Accuracy: White = 39%, Black = 72%.} 0-1

[Event "10th LCC FIDE Open 2018"]
[Site "London"]
[Date "2018.12.13"]
[Round "5"]
[White "Smith, Andrew Philip"]
[Black "Turner, Matthew J"]
[Result "0-1"]
[WhiteElo "2157"]
[BlackElo "2533"]
[Annotator "TA"]
[PlyCount "60"]
[EventDate "2018.12.09"]
[EventType "swiss"]
[EventCountry "ENG"]
[SourceTitle "playchess.com"]
[Source "ChessBase"]
[SourceQuality "1"]

{[%evp 16,60,-41,-49,-33,-33,-28,-36,-29,-38,-40,-108,-48,-80,-85,-335,-317,-325,-317,-330,-318,-497,-505,-270,-126,-119,-123,-254,-213,-205,-199,-198,-160,-221,-152,-150,-145,-220,-189,-202,-225,-325,-318,-340,-331,-646,-627]} 1. e4 e5 2. d4 exd4 3. Qxd4 Nc6 4. Qe3 Nf6 5. Nc3 Bb4 6. Bd2 O-O 7. O-O-O Re8 8. Bc4 d6 9. Nf3 {LiveBook: 9 Games. C22: Centre Game} (9. f3 Ne5 10. Bb3 a5 11. a3 Bc5 12. Qe1 b5 13. a4 b4 14. Nce2 Be6 15. Bxe6 fxe6 16. b3 Nc6 17. Kb1 e5 18. Bc1 {½-½ (30) Munoz Pantoja,M (2451)-Vallejo Pons,F (2713) Linares 2016}) 9... Be6 10. Bxe6 Rxe6 11. Ng5 {Black has an edge.} Re8 12. f3 Ne5 13. Nh3 (13. Qe2 $15) 13... Nc4 (13... c6 $17 14. Nf4 b5) 14. Qd4 {[#]} b5 $146 {[%mdl 512]} ({Predecessor:} 14... Bxc3 15. Bxc3 Ne5 16. Qb4 b6 17. Rhe1 a5 18. Qb3 {1-0 (69) Verbeke,L (1552)-De Boe,J Blankenberge 2017}) 15. Bg5 $2 (15. Kb1 $17 {might work better.}) (15. Nxb5 Bxd2+) 15... c5 $1 $19 {[%cal Rc5d4]} 16. Qd3 {[#]} Qa5 $1 {White must now prevent ...Nxb2!} 17. Bxf6 gxf6 18. Nb1 (18. a4 $142 Bxc3 19. Qxc3 Qxc3 20. bxc3) 18... Qxa2 {[%csl Gc4][%cal Ra2b2]} 19. Qb3 Qxb3 (19... Qa1 $19 20. c3 a5 21. cxb4 axb4) 20. cxb3 $17 {[#]} Na5 $1 $40 {[%mdl 128] Black attacks with force.} 21. Rxd6 (21. Kc2 $17 {keeps fighting.}) 21... Nxb3+ 22. Kc2 Nd4+ 23. Kc1 f5 24. Nf2 (24. Nc3 $17 {was worth a try.}) 24... Rad8 25. Rxd8 Rxd8 26. Rd1 (26. exf5 $17 {was called for.} Nxf5 27. Nc3) 26... fxe4 $19 27. Nxe4 f5 28. Nf2 (28. Ng3 $142 Ba5 29. Nc3) 28... c4 29. Nc3 {intending Nxb5!} Ba5 30. Nh3 $2 (30. f4) 30... b4 {Accuracy: White = 23%, Black = 49%.} 0-1

[Event "10th LCC FIDE Open 2018"]
[Site "London"]
[Date "2018.12.13"]
[Round "5"]
[White "Pollack, Oscar"]
[Black "Mirzoyan, Davit T."]
[Result "0-1"]
[WhiteElo "2150"]
[BlackElo "2382"]
[Annotator "NA"]
[PlyCount "70"]
[EventDate "2018.12.09"]
[EventType "swiss"]
[EventCountry "ENG"]
[SourceTitle "playchess.com"]
[Source "ChessBase"]
[SourceQuality "1"]
[TimeControl "40/5400+30:1800+30"]

1. e4 {[%emt 0:00:00]} e5 {[%emt 0:00:00]} 2. Nf3 {[%emt 0:00:00]} Nc6 {[%emt 0:00:00]} 3. Bb5 {[%emt 0:00:00]} a6 {[%emt 0:00:00]} 4. Ba4 {[%emt 0:00:00]} Nf6 {[%emt 0:00:00]} 5. O-O {[%emt 0:00:00]} Nxe4 {[%emt 0:00:06]} 6. d4 {[%emt 0:00:18]} b5 {[%emt 0:00:16]} 7. Bb3 {[%emt 0:00:03]} d5 {[%emt 0:00:06]} 8. dxe5 {[%emt 0:00:04]} Be6 {[%emt 0:00:09]} 9. c3 {[%emt 0:00:10]} Bc5 {[%emt 0:01:31]} 10. Nbd2 {[%emt 0:01:42]} O-O {[%emt 0:00:05]} 11. Bc2 {[%emt 0:00:30]} Nxf2 {[%emt 0:00:05]} 12. Rxf2 {[%emt 0:00:07]} Bxf2+ {[%emt 0:00:08]} 13. Kxf2 {[%emt 0:00:06]} f6 {[%emt 0:00:03]} 14. exf6 {[%emt 0:08:40]} Qxf6 {[%emt 0:00:11]} 15. Nb3 {[%emt 0:03:50]} Ne5 {[%emt 0:11:38]} 16. Kg1 {[%emt 0:12:23]} Rae8 {[%emt 0:13:32]} 17. Be3 {[%emt 0:19:04]} Nxf3+ {[%emt 0:23:15]} 18. Qxf3 {[%emt 0:00:08]} Qxf3 {[%emt 0:00:13]} 19. gxf3 {[%emt 0:00:01]} Rxf3 {[%emt 0:00:20]} 20. Bc5 {[%emt 0:02:14]} Bh3 {[%emt 0:02:42]} 21. Nd4 {[%emt 0:02:26]} Rf6 {[%emt 0:12:33]} 22. Bb3 {[%emt 0:09:38]} Re5 {[%emt 0:00:52]} 23. Ne2 {[%emt 0:09:42]} Rxe2 {[%emt 0:01:09]} 24. Bxd5+ {[%emt 0:00:05]} Kh8 {[%emt 0:00:22]} 25. Rd1 {[%emt 0:03:47]} h5 {[%emt 0:00:56]} 26. Bd4 {[%emt 0:02:40]} Rg6+ {[%emt 0:01:36]} 27. Kh1 {[%emt 0:00:05]} Bg2+ {[%emt 0:00:25]} 28. Bxg2 {[%emt 0:00:02]} Rgxg2 {[%emt 0:00:08]} 29. Be5 {[%emt 0:01:17]} Rxb2 {[%emt 0:01:06]} 30. Rd7 {[%emt 0:00:29]} Rg5 {[%emt 0:00:17]} 31. Bg3 {[%emt 0:01:04]} Rb1+ {[%emt 0:00:22]} 32. Kg2 {[%emt 0:00:06]} h4 {[%emt 0:00:04]} 33. Rxc7 {[%emt 0:00:17]} hxg3 {[%emt 0:00:06]} 34. hxg3 {[%emt 0:00:03]} Rb2+ {[%emt 0:00:05]} 35. Kf3 {[%emt 0:00:05]} Rxa2 {[%emt 0:00:11]} 0-1

[Event "10th LCC FIDE Open 2018"]
[Site "London"]
[Date "2018.12.13"]
[Round "5"]
[White "Bezuidenhout, Roland"]
[Black "Cherniaev, Alexander"]
[Result "0-1"]
[WhiteElo "2145"]
[BlackElo "2393"]
[Annotator "TA"]
[PlyCount "64"]
[EventDate "2018.12.09"]
[EventType "swiss"]
[EventCountry "ENG"]
[SourceTitle "playchess.com"]
[Source "ChessBase"]
[SourceQuality "1"]

{[%evp 14,64,33,0,10,16,7,7,0,0,0,-9,0,-26,-25,-64,-35,-41,-38,-47,-43,-49,-60,-52,-35,-61,-15,-45,-27,-28,-10,-20,-26,-7,-20,-85,-73,-76,-91,-268,-281,-353,-325,-454,-417,-422,-391,-473,-364,-589,-579,-1076,-1016]} 1. d4 Nf6 2. c4 b6 3. Nc3 Bb7 4. Nf3 e6 5. a3 g6 6. Bf4 Bg7 7. e3 O-O 8. h3 {LiveBook: 16 Games. E12: Queen's Indian: Unusual White 4th moves, 4 a3, 4 Nc3 Bb7 5 a3 and 4 Nc3 Bb7} Ne4 (8... Nh5 9. Bh2 d6 10. Be2 f5 11. O-O Nd7 12. Rc1 Qe7 13. b4 f4 14. Qd3 Bh6 15. e4 a6 16. Rb1 Rad8 17. Qc2 Bg7 {½-½ (17) Kosic,D (2517)-Sethuraman,S (2640) Kragujevac 2016}) 9. Nxe4 Bxe4 10. Bd3 $146 {The position is equal.} ({Predecessor:} 10. Be2 d6 11. O-O Nd7 12. Bg3 a5 13. Rc1 a4 14. Nd2 Bc6 15. Nb1 f5 {½-½ (28) Maiorov,N (2533)-Cherniaev,A (2417) Voronezh 2018}) 10... Bb7 11. O-O d6 12. Bg3 Nd7 {[%cal Bb8d7,Bd7c5,Bc5d3][%mdl 32]} 13. Nd2 f5 14. Qc2 Qe7 15. Rae1 c5 16. dxc5 Nxc5 17. b4 Nxd3 18. Qxd3 e5 19. Rc1 Kh8 20. Rfd1 g5 21. Nb1 f4 22. Bh2 Rad8 23. Nc3 f3 24. e4 (24. g4 $11 {remains equal.}) 24... fxg2 $17 25. Kxg2 Bc8 $36 {[%mdl 2048] White is under strong pressure.} 26. Ne2 $2 {[#]} (26. Rc2 $17) 26... g4 $19 {[%cal Bg5g4,Bg4h3][%mdl 32]} 27. Ng1 gxh3+ 28. Kf1 Be6 29. Rc2 Rd7 30. Qe3 Rc7 31. Qd3 $2 {[#]} (31. Ke1 {was worth a try.}) 31... Qf7 32. Nxh3 {Now Ng5 and White clings on.} Qh5 {Accuracy: White = 18%, Black = 59%.} 0-1

[Event "10th LCC FIDE Open 2018"]
[Site "London"]
[Date "2018.12.13"]
[Round "5"]
[White "Menzies, Colin"]
[Black "Paterek, Michal"]
[Result "1-0"]
[WhiteElo "2132"]
[BlackElo "2328"]
[Annotator "TA"]
[PlyCount "55"]
[EventDate "2018.12.09"]
[EventType "swiss"]
[EventCountry "ENG"]
[SourceTitle "playchess.com"]
[Source "ChessBase"]
[SourceQuality "1"]

{[%evp 11,55,17,27,31,33,35,41,35,119,80,80,82,102,56,61,65,164,160,158,174,151,158,180,177,165,161,170,162,209,162,268,248,770,455,755,740,1285,820,798,163,796,788,1463,828,29985,29982]} 1. Nf3 d5 2. c4 c6 3. e3 Nf6 4. Nc3 a6 5. b3 Bf5 6. Bb2 {A11: English Opening: 1...c6} Nbd7 {LiveBook: 4 Games} 7. Nh4 Bg4 $146 ({Predecessor:} 7... Bg6 8. Be2 e6 9. O-O Bd6 10. f4 O-O 11. g4 Ne4 12. Qe1 Be7 13. Nxg6 hxg6 {1-0 (40) Ehlvest,J (2660)-Gretarsson,H (2465) Stockholm 1996}) 8. f3 {White is slightly better.} Bh5 9. g4 {[%cal Bg2g4,Bg4g5][%mdl 32]} g5 (9... Bg6 $1 $14) 10. Ng2 Bg6 11. h4 gxh4 12. g5 (12. Rxh4 Bg7 $14) 12... Nh5 13. cxd5 Bg7 (13... cxd5 $14 14. Nxd5 Bg7 15. Bxg7 Nxg7) 14. dxc6 $18 ({Resist} 14. Nxh4 $6 cxd5 15. f4 (15. Nxg6 hxg6 16. f4 Ng3 $14) 15... Ng3 $14) 14... bxc6 15. Nxh4 Ng3 16. Nxg6 hxg6 17. Rxh8+ Bxh8 18. Kf2 Nxf1 19. Qxf1 Qa5 20. f4 $36 {[%mdl 2048] Keeping Black busy.} Qf5 (20... Rd8 $142 21. Qh1 Bxc3 22. Bxc3 Qd5) 21. Qh1 O-O-O $2 (21... Bg7 22. Na4 Bxb2 23. Nxb2 Rd8 24. Qxc6 Kf8) 22. Qxc6+ {[%mdl 64] Double Attack} Kb8 23. Nd5 {White threatens Qc7+ and mate.} Rf8 24. Bxh8 Rxh8 25. Qc7+ Ka8 {[#]} 26. Qxd7 $3 {[%mdl 512]} Qc2 (26... Qxd7 27. Nb6+) 27. Nb4 Qb2 {[#]} 28. Nc6 $1 {Accuracy: White = 81%, Black = 29%.} 1-0

[Event "10th LCC FIDE Open 2018"]
[Site "London"]
[Date "2018.12.13"]
[Round "5"]
[White "Osborne, Marcus E"]
[Black "Abbas, Daniel"]
[Result "1/2-1/2"]
[WhiteElo "2128"]
[BlackElo "2280"]
[Annotator "TA"]
[PlyCount "84"]
[EventDate "2018.12.09"]
[EventType "swiss"]
[EventCountry "ENG"]
[SourceTitle "playchess.com"]
[Source "ChessBase"]
[SourceQuality "1"]

{[%evp 18,84,40,21,52,44,102,66,76,75,72,78,84,85,84,79,112,55,61,38,31,31,29,0,-10,-25,-12,-39,-33,-33,-33,-63,-24,-43,0,0,0,0,0,-83,-78,-77,-65,-77,-58,-69,-69,-91,-57,-83,-83,-82,-83,-162,-156,-279,-236,-251,-197,-237,-214,-206,0,0,0,0,0,0,0]} 1. d4 Nf6 2. Bg5 Ne4 3. Bf4 d5 4. e3 c5 5. Bd3 Nf6 6. Nc3 {A45: Trompowsky Attack} (6. c3 Nc6 7. Nd2 Qb6 8. Rb1 Bg4 9. Ngf3 e6 10. Qa4 Be7 11. Ne5 O-O 12. Bg5 c4 13. Bc2 Bh5 14. Bxf6 gxf6 {1-0 (52) Mchedlishvili,M (2603)-Amin,B (2689) Riadh 2017}) 6... a6 7. dxc5 Nc6 8. Nf3 e6 $146 ({Predecessor:} 8... Bg4 9. e4 e6 10. h3 Bxf3 11. Qxf3 d4 12. Ne2 Qa5+ 13. Bd2 Qxc5 {½-½ (46) Smirnov,A (2429)-Abbas,D (2208) Boeblingen 2015}) 9. O-O Bxc5 10. e4 {[%cal Be3e4,Be4e5][%mdl 32] LiveBook: 3 Games} d4 11. Ne2 O-O (11... Nh5 $14) 12. Ng3 Nb4 13. e5 Nxd3 14. Qxd3 Nd5 15. Ng5 {[%csl Gg5][%cal Rd3h7] [#]} g6 16. Bd2 Be7 17. Nf3 (17. N3e4 $16) 17... b5 $14 18. Bh6 Re8 19. Qxd4 Bb7 20. Qg4 Rc8 21. Ne4 Rxc2 22. b3 Nc3 23. Nxc3 Rxc3 24. Rfd1 Rd3 25. Ng5 Bf8 26. Bxf8 Rxf8 27. Rxd3 Qxd3 $40 {[%mdl 128] White needs to defend precisely.} 28. Rd1 (28. Qh4 $1 $11 {keeps the balance.} h5 29. Qf4) 28... Qc2 $17 29. h4 h6 {[%cal Bh7h6,Bh6h5][%mdl 32]} 30. Nh3 h5 31. Qd4 Qxa2 32. b4 Qd5 {[%csl Gb7][%cal Rd5g2]} 33. Nf4 Qxd4 34. Rxd4 {[%mdl 4096] Endgame KRB-KRN} Rc8 35. Rd7 (35. Kf1 $17) 35... Rc4 $19 36. Nh3 (36. Nxe6 $17 {is a better defense.} fxe6 37. Rxb7) 36... Bd5 37. Ng5 Rxh4 38. Nxf7 Rxb4 {Threatens to win with ...Rf4.} 39. Ng5 {[#]} a5 $2 ({Better is} 39... Rf4 $1 $19 40. g3 Rf8) 40. Rd8+ $1 $11 {The position is equal.} Kg7 {aiming for ...h4.} 41. Rd7+ Kg8 {And now ...Rf4 would win.} (41... Kh6 $5 42. Nf7+ $8 Kh7 43. Ng5+ {[%mdl 64] Discovered Attack (Double check)} Kh6 44. Nf7+ Kh7 45. Ng5+ {[%mdl 64] Discovered Attack (Double check)} Kg8 46. Rd8+ Kg7 $11) 42. Rd8+ $1 Kg7 {Accuracy: White = 65%, Black = 59%.} 1/2-1/2

[Event "10th LCC FIDE Open 2018"]
[Site "London"]
[Date "2018.12.13"]
[Round "5"]
[White "Sedykh, Mikhail"]
[Black "Lyell, Mark"]
[Result "0-1"]
[WhiteElo "2118"]
[BlackElo "2317"]
[Annotator "TA"]
[PlyCount "114"]
[EventDate "2018.12.09"]
[EventType "swiss"]
[EventCountry "ENG"]
[SourceTitle "playchess.com"]
[Source "ChessBase"]
[SourceQuality "1"]

{[%evp 25,114,-8,-4,-70,14,19,13,9,35,0,0,0,0,-63,-55,-45,-53,-120,-149,-177,-100,-122,-88,-154,-60,-66,-52,-64,-64,-57,-43,-83,-30,-25,-29,-33,-22,-36,-34,-79,-63,-70,-64,-133,-136,-131,-93,-174,-175,-175,-175,-171,-165,-278,-277,-1161,-1154,-29967,-29964,-29964,-29946,-29967,-29967,-29971,-29972,-29969,-29973,-29973,-29974,-29973,-29973,-29971,-29975,-29979,-29978,-29980,-29981,-29981,-29982,-29983,-29984,-29984,-29985,-29985,-29986,-29986,-29987,-29987,-29988,-29989,-29990]} 1. e4 e6 2. d4 d5 3. e5 c5 4. c3 Nc6 5. Nf3 Qb6 6. a3 Nh6 7. b4 cxd4 8. cxd4 Nf5 9. Bb2 Bd7 10. g4 Nfe7 11. Nc3 Na5 {C02: French: Advance Variation} 12. Qc2 (12. Nd2 Rc8 13. Na4 Qc6 14. b5 Qc7 15. Rc1 Qd8 16. Nc5 Ng6 17. Nxd7 Qxd7 18. h4 Be7 19. h5 {½-½ (41) Areshchenko,A (2709)-Romanov,E (2640) Legnica 2013}) 12... Nc4 13. Bxc4 dxc4 {LiveBook: 34 Games. The position is equal.} 14. Ne4 (14. Nd2 $1 $11 Qc6 15. Nce4) 14... Ng6 (14... Nd5 $15) 15. Nfd2 $1 $11 ({Don't play} 15. Qxc4 Nf4 $15) 15... c3 $146 ({Predecessor:} 15... Qc6 16. Nxc4 h5 17. g5 Nh4 18. O-O-O Rc8 19. Ned6+ Bxd6 20. Nxd6+ {1-0 (37) Kernazhitsky,L (2330)-Artemchuk,T (2234) Kiev 2009}) 16. Qxc3 Qc6 17. Qxc6 Bxc6 18. f3 Nf4 {aiming for ...Nd3+.} 19. Bc3 (19. Bc1 $11) 19... Rc8 $15 {[%mdl 1024] Black has compensation.} 20. Kf2 Be7 21. Ke3 (21. h4 $15) 21... Nd5+ $17 22. Kd3 O-O (22... Ba4 $19 23. Rac1 O-O) 23. Rac1 {[#]} a5 $1 {[%mdl 512]} 24. Nb3 (24. bxa5 $142 Bb5+ 25. Kc2) 24... axb4 ({Black should play} 24... a4 $17 25. Nbd2 Bb5+ 26. Kc2 Nf4) 25. Bxb4 $15 Bxb4 26. axb4 Nxb4+ 27. Kd2 Rfd8 28. Rhf1 Bd5 (28... h6 $17) 29. Rxc8 $11 Rxc8 30. Rc1 {[%cal Rc1c8]} Rd8 31. Rb1 h6 32. Nbc5 Bxe4 33. Nxe4 Rxd4+ $17 {[%mdl 4096] Endgame KRN-KRN} 34. Kc3 ({Better is} 34. Ke3 $15 Rc4 35. h4) 34... Nc6 35. Rxb7 Ra4 36. Rb3 (36. Nc5 $17 Ra3+ 37. Rb3 Rxb3+ 38. Nxb3) 36... Nxe5 $19 37. Nd2 g5 38. Kc2 Kg7 39. Re3 (39. Kd1 {is a better defense.}) 39... Ra2+ 40. Kd1 $2 {[#]} (40. Kc3 f6 41. Re4) 40... Rxd2+ $1 {[%mdl 576] Remove Defender, Decoy} 41. Kxd2 {KR-KN} Nc4+ {[%mdl 64] Double Attack. Black mates.} 42. Kd3 Nxe3 43. Kxe3 {KP-KP} Kf6 44. Kd4 {[#]} Ke7 $1 45. Ke5 f6+ {[%cal Bf7f6,Bf6f5][%mdl 32]} 46. Kd4 Kd6 47. Ke4 Kc5 48. Ke3 f5 49. h3 Kc4 50. f4 gxf4+ 51. Kxf4 fxg4 52. Kxg4 {KPP-KP} e5 {[%cal Be6e5,Be5e4][%mdl 32]} 53. Kf3 Kd3 54. Kf2 e4 55. Ke1 Ke3 56. h4 h5 57. Kf1 Kd2 {Accuracy: White = 36%, Black = 62%.} 0-1